| 000 | 00967nam a2200241 i 4500 | ||
|---|---|---|---|
| 001 | 114470 | ||
| 003 | ES-MaACL | ||
| 005 | 20250605063105.0 | ||
| 007 | t| | ||
| 008 | 070302s1946 sp af ||||1| spa d | ||
| 040 | _cES-MaACL | ||
| 080 | _a792(460.27)"18" | ||
| 100 | 1 |
_aDeleito y Piñuela, José, _d1879-1957 _943365 _eaut |
|
| 245 | 1 | 0 |
_aEstampas del Madrid teatral fin de siglo : _bI : teatros de declamación (Español, Comedia, Princesa, Novedades, Lara) / _cpor José Deleito y Piñuela. |
| 260 |
_aMadrid : _bSaturnino Calleja, _c[1946] |
||
| 300 |
_a1 v. : _bil., grab. ; _c19 cm. |
||
| 505 | 8 |
_aContiene: I ; _tTeatros de declamación. Español-Comedia- Princesa-Novedades-Lara... (378 pág., con 1 lám. + 2 hoj. + 1-33 lám.) |
|
| 650 | 7 |
_aTeatro- _zMadrid- _yS.XIX _9141187 |
|
| 852 |
_aES-MaACL _jE-4879 _xEncuadernación rústica con solapas |
||
| 942 |
_cMONOGRAFIA _n0 |
||
| 999 |
_c114470 _d114470 |
||